Aspectos jurídico-legales del uso de datos y herramientas geoespaciales en la agricultura y en el manejo de los recursos naturales: (Registro nro. 4150)

Detalles MARC
000 -CABECERA
Campo de control 00891nam a2200253 a 4500
005 - FECHA Y HORA DE LA ULTIMA TRANSACCION
Campo de control 20180209102941.0
008 - ELEMENTOS DE LONGITUD FIJA—INFORMACION GENERAL
Campo de control 140314b2002 mx ||||| |||| 00| 0 spa d
040 ## - FUENTE DE CATALOGACIÓN
Agencia catalogadora original CO-BoIAVH
Agencia transcriptora CO-BoIAVH
041 ## - IDIOMA
Código de idioma para texto/pista de sonido o título separado Español
044 ## - PAÍS DE PUBLICACIÓN
País de publicación México
082 #4 - NUMERO DE CLASIFICACION DECIMAL DEWEY
Número de clasificación 346.048
Número del ítem L85a
100 1# - ASIENTO PRINCIPAL--NOMBRE PERSONAL
Nombre personal Longhorn, Roger A.
Término relacionado autor
9 (RLIN) 21555
245 1# - MENCION DE TITULO
Título Aspectos jurídico-legales del uso de datos y herramientas geoespaciales en la agricultura y en el manejo de los recursos naturales:
Parte restante del título manual de conceptos básicos
260 ## - PUBLICACION, DISTRIBUCION, ETC. (PIE DE IMPRENTA)
Lugar de publicación, distribución, etc. México:
Nombre del editor, distribuidor, etc. CIMMYT,
Fecha de publicación, distribución, etc. 2002.
300 ## - DESCRIPCION FISICA
Extensión 44 paginas.
Otros detalles físicos ilustraciones.;
Dimensiones 27 x 21 cm
650 #4 - ASIENTO SECUNDARIO DE MATERIA - TERMINO TEMATICO
Término temático o nombre geográfico como elemento de entrada Patentes
9 (RLIN) 89604
650 #4 - ASIENTO SECUNDARIO DE MATERIA - TERMINO TEMATICO
Término temático o nombre geográfico como elemento de entrada Licencias
9 (RLIN) 53722
650 #4 - ASIENTO SECUNDARIO DE MATERIA - TERMINO TEMATICO
Término temático o nombre geográfico como elemento de entrada Proteccion
Subdivisión de forma Bases de datos.
9 (RLIN) 89605
650 #4 - ASIENTO SECUNDARIO DE MATERIA - TERMINO TEMATICO
Término temático o nombre geográfico como elemento de entrada Derechos de autor
9 (RLIN) 89606
700 1# - ASIENTO SECUNDARIO - NOMBRE PERSONAL
Nombre personal Henson-Apollonio, Victoria
Término de relación autora
9 (RLIN) 21556
700 1# - ASIENTO SECUNDARIO - NOMBRE PERSONAL
Nombre personal White, Jeffrey W.
Término de relación autor
9 (RLIN) 21557
942 ## - ELEMENTOS ADICIONALES (KOHA)
Tipo de ítem Libro
Sistema de clasificación Dewey Decimal Classification
945 ## - PROCESAMIENTO LOCAL
AAAA-MM-DD - Fecha de ingreso o modificacion 2004-09-15
Existencias
Withdrawn status Lost status Sistema de Clasificación Damaged status No para préstamo Colección Ubicación Permanente Ubicación actual Fecha de adquisición Fuente de Valor Valor Total Checkouts Número topográfico Inventario / Código de Barras Date last seen Ejemplar Price effective from Forma de adquisición Tipo de material
    Local     Hemeroteca Bogotá Bogotá 15/09/2004 Instituto 15000.00   FG-0429 016668 04/12/2012 Ej. 2 04/12/2012 Donación Folleto
    Local     Hemeroteca Bogotá Bogotá 10/10/2016 Instituto 15000.00   FG-0429 040746 10/10/2016 Ej. 1 10/10/2016 Donación Folleto